Tous les sons de Luther - Statistiques

Statistiques générales
  • Ce quiz a été pris 139 fois
  • Le résultat moyen est 26 sur 47
Statistiques - réponses
Album Titre % Correct
GARÇON GARÇON
95%
EXIT ALED
83%
EXIT CHÂTEAU FORT
83%
GARÇON TORIEL - VENI VIDI VIDE
77%
AMI uet
77%
GARÇON PK TU M'APL ?
72%
GARÇON ALAKAZAM
71%
sasori + fantom fantom
71%
GARÇON LESSGUI
71%
(single) baume
70%
GARÇON LE SANG
70%
GARÇON BLAKE & MORTIMER
68%
EXIT MOSSY COBBLESTONE
68%
AMI virage
68%
GARÇON MA VIE D'AVANT
67%
Trame VVS
67%
EXIT ROUGE GORON
66%
EXIT uSQUAD
66%
EXIT JOURNAL DE QUÊTES
63%
EXIT SEUIL
63%
AMI inaudible
62%
IDD Baume à lèvres
60%
EXIT PABO
60%
EXIT T3
60%
Trame Trame (Outro)
56%
EXIT LOOK
55%
IDD Yuto & Yugi
52%
Trame Dinar
51%
(single) Câlins
50%
Éternel retour Léon
50%
200 crystal
48%
IDD Intro
48%
Trame Kamado
48%
Trame Hégemon
46%
Trame Savane
46%
LA COURSE KILLCAM
45%
(single) TR4PST4R
41%
COSMIC Lex Luthor
40%
Trame Maille
39%
(single) Montrer les dents
38%
IDD Finesse
37%
Trame Le faire
34%
IDD 20 Mach/s (interlude)
33%
IDD Chrysant3mes
32%
Connecté 2 g.lassée
27%
Whisper Tape Volume 1 Viseur
18%
Overseas Vol.1 Meda
15%
Aucun quiz correspondant
Distribution des résultats
% des personnes avec chaque résultat
Percentile par nombre de réponses
Votre historique - résultats
Vous n’avez pas pris ce quiz